Rethinking the East Asia miracle (Record no. 41998)

MARC details
000 -LEADER
fixed length control field 00350nam a2200133Ia 4500
020 ## - INTERNATIONAL STANDARD BOOK NUMBER
ISBN 0195216008
082 ## - DEWEY DECIMAL CLASSIFICATION NUMBER
Classification number 330(5-11)
Item number STI
100 ## - MAIN ENTRY--AUTHOR NAME
Personal name Stiglitz, Joseph E
245 #0 - TITLE STATEMENT
Title Rethinking the East Asia miracle
260 ## - PUBLICATION, DISTRIBUTION, ETC. (IMPRINT)
Place of publication Washington, D.C
Name of publisher World Bank
Year of publication 2001
700 ## - ADDED ENTRY--PERSONAL NAME
Personal name Yusuf, Shahid
942 ## - ADDED ENTRY ELEMENTS (KOHA)
Koha item type Books
Holdings
Withdrawn status Lost status Damaged status Not for loan Home library Current library Date acquired Cost, normal purchase price Full call number Accession Number Koha item type
        RRII Library RRII Library 16/12/2021 45.00 330(5-11) STI 22278 Books